Statistiche per Ricostruisci la Carriera del Calciatore - Didier Drogba

Clicka qui per fare il quiz!

Statistiche generali

  • Questo quiz è stato fatto 4 volte
  • Il punteggio medio è 6 su 11

Statistiche sulle risposte

HintRisposta% Corretto
1998-2002 Le Mans
100%
1997-1998 Le Mans B
100%
2004-2012 Chelsea
75%
2002-2003 Guingamp
75%
2003-2004 Olympique Marsiglia
75%
2013-2014 Galatasaray
50%
2015-2016 Montréal Impact
50%
2014-2015 Chelsea
25%
1996-1997 Levallois
25%
2017-2018 Phoenix Rising
25%
2012-2013 Shanghai Shenhua
25%

Distribuzione punteggi

Percentile per numero di risposta

Percentuale di utenti per punteggio

I tuoi punteggi nel tempo

Non hai fatto questo quiz